Statistiques concernant Adolphe Thiers et sa présidence

Cliquez ici pour prendre le quiz!

Statistiques générales

  • Ce quiz a été pris 37 fois
  • Le résultat moyen est 10 sur 20

Statistiques - réponses

GroupeIndicesRéponses% Correct
PrésidencePays avec lequel il conclut la paix en 1871Prusse
97%
PrésidenceRégion qui fut perdue dans cette entrepriseAlsace-Moselle
88%
PrésidenceInsurrection que les versaillais répriment dans le sangCommune de Paris
88%
BiographieRévolution au cours de laquelle il milita pour la montée sur le trône de Louis-PhilippeTrois Glorieuses
82%
BiographiePrestigieuse institution de lettres où il est élu en 1833Académie française
79%
PrésidenceRégime dont il fut le premier PrésidentTroisième République
76%
BiographieProfession de formationAvocat | Journaliste
71%
PrésidenceGroupe politique lors de son électionRépublicains modérés
71%
BibliographieSérie d'ouvrages historiques en vingt volumes faisant suite à sa RévolutionHistoire du Consulat et de l'{Empire}
65%
CitationsLe roi n’administre pas, ne gouverne pas, {il} {règne}.
53%
CitationsIl faut tout prendre au {sérieux}, mais rien au tragique.
50%
BiographieCroyance défendant l'existence rationnelle de Dieu à laquelle il s'apparentaitDéisme
44%
PrésidenceElle mit fin à son mandatDémission pour mise en minorité à l'Assemblée
38%
PrésidenceAvec la loi Rivet, il passe de ce titre à celui de Président de la RépubliqueChef du pouvoir exécutif
29%
BiographieUniversité fréquentéeFaculté de droit de l'Université d'Aix-en-Provence
21%
BiographieDépartement de naissance dont il fut député pendant 18 ansBouches-du-Rhône
9%
BibliographieEssai capitaliste retravaillé plusieurs fois au cours de sa vieDe la {propriété}
9%
PrésidenceVice-président du ConseilJules Dufaure
6%
FamilleEpouseElise Dosne
3%
FamillePèreLouis Thiers
3%

Distribution des résultats

Percentile par nombre de réponses

% des personnes avec chaque résultat

Votre développement - résultats

Vous n’avez pas pris ce quiz